| 000 | 00527nam a22001697a 4500 | ||
|---|---|---|---|
| 003 | SISC | ||
| 005 | 20160621151648.0 | ||
| 008 | 160621b xxu||||| |||| 00| 0 eng d | ||
| 020 | _a9789814606981 | ||
| 050 | _aQD 31.2 Ib14 2015 | ||
| 245 |
_aIntegrated science chemistry : _ba topical course assessment for lower secondary levels / _cImran Ibrahim. |
||
| 250 | _aNew ed. | ||
| 260 |
_aSingapore : _bSAP & Mavis Tutorial Centre, _cc2015 |
||
| 300 |
_a2224 p. : _bill. ; _c26 cm. |
||
| 650 | _aChemistry. | ||
| 942 |
_2lcc _cBK |
||
| 999 |
_c296060 _d296060 |
||